Roberto Mancini's Galatasaray - Statistics

General Stats
  • This quiz has been taken 23 times
  • The average score is 22 of 39
Answer Stats
Rank Player Position Nationality Matches Goals Assists % Correct
14 Emmanuel Eboué Right-Back 24 1 4
95%
1 Felipe Melo Defensive Midfield 40 3 4
95%
7 Fernando Muslera Goalkeeper 32 0 1
95%
5 Wesley Sneijder Attacking Midfield 35 16 9
95%
4 Burak Yılmaz Centre-Forward 37 16 7
91%
11 Didier Drogba Centre-Forward 28 10 7
91%
3 Selçuk İnan Central Midfield 38 9 10
91%
2 Umut Bulut Centre-Forward 40 8 4
91%
10 Aurélien Chedjou Centre-Back 29 4 0
77%
22 Aydın Yılmaz Right Winger 11 0 2
77%
6 Semih Kaya Centre-Back 35 0 2
77%
17 Albert Riera Left Midfield 12 1 0
73%
8 Hakan Balta Left-Back 30 0 0
68%
32 Hamit Altıntop Right Midfield 5 0 0
68%
24 Nordin Amrabat Right Winger 8 2 0
68%
13 Sabri Sarıoğlu Right-Back 26 1 2
68%
15 Alex Telles Left-Back 21 1 2
59%
19 Bruma Left Winger 11 1 4
59%
9 Ceyhun Gülselam Defensive Midfield 30 1 1
59%
23 Dany Nounkeu Centre-Back 9 0 1
59%
18 Izet Hajrovic Right Winger 12 1 3
59%
20 Veysel Sarı Centre-Back 11 1 1
59%
26 Koray Günter Centre-Back 7 0 0
55%
16 Emre Çolak Attacking Midfield 19 1 3
45%
27 Eray İşcan Goalkeeper 6 0 0
45%
31 Lucas Ontivero Right Winger 5 0 1
45%
25 Ufuk Ceylan Goalkeeper 7 0 0
45%
35 Engin Baytar Attacking Midfield 3 1 0
36%
21 Gökhan Zan Centre-Back 11 0 0
36%
12 Yekta Kurtuluş Central Midfield 27 2 1
36%
33 Guillermo Burdisso Centre-Back 4 0 0
32%
34 Aykut Erçetin Goalkeeper 3 0 0
27%
29 Umut Gündoğan Central Midfield 5 0 1
18%
38 Yiğit Gökoğlan Right Winger 1 0 0
14%
30 Berk Ünsal Centre-Forward 5 0 0
9%
36 Emre Can Coşkun Centre-Back 2 0 0
9%
39 İbrahim Coşkun Central Midfield 1 0 0
9%
28 Salih Dursun Centre-Back 6 0 0
9%
37 Oğuzhan Kayar Attacking Midfield 1 0 0
5%
No matching quizzes found
Score Distribution
Percent of People with Each Score
Percentile by Number Answered
Your Score History
You have not taken this quiz